000 00351nam a2200145Ia 4500
008 230312s9999||||xx |||||||||||||| ||und||
020 _a9789699739170
082 _a891.4
_bRAN-O
100 _aرانا اعجاز احمد
245 0 _aاورحان کمال
260 _bJamhori
_apak
_c2012
300 _a200
650 _aLiterature
942 _cBK
999 _c14890
_d14890